000 00690nam a2200289Ia 4500
005 20260324133755.0
008 008 260324s9999 xx 000 0 eng d
020 _a9780203633854
037 _aEBOOK
040 _aCRL
040 _beng
040 _cCRL
041 _2eng
041 _aeng
084 _qCRL
100 _aPeter Gill; Adam Edwards
_91194341
245 0 _aTransnational Organised Crime
245 0 _bPerspectives on Global Security
260 _bTaylor and Francis
260 _c2003
365 _a
365 _b240
856 _uhttp://www.taylorfrancis.com/books/9780203633854
942 _cEBOOK
999 _c1793737
_d1793737